| 000 | 01057nam a22003137a 4500 | ||
|---|---|---|---|
| 003 | CHAP | ||
| 005 | 20220329134847.0 | ||
| 008 | 971013s1981 r 10010 d | ||
| 010 | _a27058 | ||
| 011 | _a28030 | ||
| 035 | _a32131 | ||
| 040 | _cCHAP | ||
| 082 |
_a580.63 _bC64 1981 |
||
| 111 | 0 | 0 |
_aCongreso Nacional de Botánica ( _n32 _d: 1981 _c: Teresina, Piavi) _926905 |
| 245 | _aPonencias | ||
| 260 |
_aTeresina, Piavi : _bSociedad Botanica do Brasil, _c1981 |
||
| 300 | _a143 p. | ||
| 590 |
_aBATCH-UPD _b10 _c20130110 _lUCH01 _h0135 |
||
| 590 |
_aBATCH-UPD _b10 _c20130110 _lUCH01 _h2216 |
||
| 590 |
_aBATCH-UPD _b10 _c20130409 _lUCH01 _h2132 |
||
| 590 |
_aBATCH-UPD _b10 _c20130410 _lUCH01 _h1516 |
||
| 590 |
_aBATCH-UPD _b10 _c20130914 _lUCH01 _h0730 |
||
| 590 |
_aCONVERSION _b10 _c20130109 _lUCH01 _h1316 |
||
| 650 | 1 | 4 |
_aBotánica _xCongresos. _914522 |
| 901 | _aBK | ||
| 942 | _cLIBRO | ||
| 949 |
_a580.63 C64 1981 _bBC _cLIBRO _d33724000519740 _eLIBRO _h54262 _i32131 _si |
||
| 949 |
_a580.63 C64 1981 _bBC _cLIBRO _d33724000833646 _eLIBRO _fc.2 _h54263 _i32131 _sb |
||
| 999 |
_c27058 _d27058 |
||